000 01442nam a2200385 i 4500
001 ELB42084
003 FlNmELB
006 m o d |
007 cr cnu||||||||
008 140301s2013 ag o 001 0 spa d
020 _z9788415295389
020 _a9781449297312 (e-book)
035 _a(MiAaPQ)EBC3218155
035 _a(Au-PeEL)EBL3218155
035 _a(CaPaEBR)ebr10832408
035 _a(OCoLC)992074853
040 _aFINmELB
_bspa
_erda
_cFINmELB
050 4 _aPQ6039
_bG643 2013
082 0 _a860.9
_223
100 1 _aGonzález, Javier Roberto.
245 1 4 _aLos milagros de Berceo :
_balegoría, alabanza y consmo /
_cJavier Roberto González.
264 1 _aBuenos Aires :
_bMiño y Dávila,
_c2013.
300 _a1 recurso en línea
336 _atexto
_btxt
_2rdacontent/spa
337 _acomputadora
_bc
_2rdamedia/spa
338 _arecurso en línea
_bcr
_2rdacarrier/spa
500 _aContiene índice.
588 _aDescripción basada en recurso en línea; Título de la página del título en PDF (e-libro, visto March 01, 2014).
590 _aRecurso electrónico. Santa Fe, Arg.: e-libro, 2015. Disponible vía World Wide Web. El acceso puede estar limitado para las bibliotecas afiliadas a e-libro.
650 4 _aLiteratura española.
650 0 _aSpanish literature.
655 4 _aLibros electrónicos.
797 2 _ae-libro, Corp.
856 4 0 _uhttps://elibro.net/ereader/usam/42084
999 _c152811
_d152811